Deutsche Nummer-1-Hits mit A - Statistiken

Allgemein
  • Dieses Quiz wurde 103 mal gespielt
  • Das Durchschnittsergebnis liegt bei 8 aus 18
Antwortstatistiken
Jahr Textzeile Titel % Korrekt
2000 I bin so schön, i bin so toll, i bin der ____ __ ____ Anton aus Tirol
88%
2015 Ich heb ab, nichts hält mich am Boden Astronaut
82%
2019 I don't want a lot for Christmas, there is just one thing I need All I Want for Christmas Is You
76%
2014 Wer friert uns diesen Moment ein, besser kann es nicht sein Auf uns
65%
1980 We don't need no education, we don't need no thought control Another Brick in the Wall
59%
2008 We look into faces, wait for a sign, wir sind ____ ____ Allein Allein
45%
1989 She calls out to the man on the street: "Sir, can you help me?" Another Day in Paradise
41%
2022 In this world, it's just us, you know it's not the same __ __ ___ As It Was
40%
2025 Don't you want me like I want you, baby? Don't you need me like I need you now? Apt.
38%
2010 Qui dit fatigue dit réveil, encore sourd de la veille, alors on sort pour oublier tous les problèmes Alors on danse
34%
1993 __ ___ __ ____ is another baby All That She Wants
32%
2007 I'm hearing what you say but I just can′t make a sound Apologize
29%
1972 Wir lagen träumend im Gras, die Köpfe voll verrückter Ideen Am Tag als Conny Kramer starb
28%
1982 So muss das Leben wohl sein, es holt alle Verlierer mal ein, ich komm verlassen mir vor Adios Amor
22%
1967 There's nothing you can do that can't be done, nothing you can sing that can't be sung All You Need Is Love
21%
1988 Maybe I didn't treat you quite as good as I should Always on my Mind
21%
1967 We skipped the light fandango, turned cartwheels cross the floor A Whiter Shade of Pale
21%
2014 Cause I got that boom boom that all the boys chase and all the right junk in all the right places All About That Bass
20%
Keine übereinstimmenden Quizze gefunden
Verteilung der Resultate
Anzahl Personen mit jedem Resultat
Perzentil nach korrekt beantworteten Fragen
Ihre Resultats-Entwicklung
Sie haben dieses Quiz noch nicht gespielt